Levels of Inflammatory Markers and Their Association with Dyslipidemia in Diabetics / (Record no. 531814)

000 -LEADER
fixed length control field 00528nam a22001577a 4500
020 ## - INTERNATIONAL STANDARD BOOK NUMBER
Qualifying information Hard Cover.
082 ## - DEWEY DECIMAL CLASSIFICATION NUMBER
Classification number 574.192
100 ## - MAIN ENTRY--PERSONAL NAME
Personal name Waheed, Palvash.
245 ## - TITLE STATEMENT
Title Levels of Inflammatory Markers and Their Association with Dyslipidemia in Diabetics /
Statement of responsibility, etc. Palvasha Waheed.
260 ## - PUBLICATION, DISTRIBUTION, ETC.
Place of publication, distribution, etc. Islamabad:
Name of publisher, distributor, etc. AMC - NUST,
Date of publication, distribution, etc. 2008.
300 ## - PHYSICAL DESCRIPTION
Extent 109 p.: ill.;
Dimensions 30cm.
942 ## - ADDED ENTRY ELEMENTS (KOHA)
Source of classification or shelving scheme
Koha item type Thesis
650 ## - SUBJECT ADDED ENTRY--TOPICAL TERM
Topical term or geographic name entry element Bio Chemistry M. Phil-Thesis.
700 ## - ADDED ENTRY--PERSONAL NAME
Personal name Abdul Khaliq Naveed.
650 ## - SUBJECT ADDED ENTRY--TOPICAL TERM
-- 24899
700 ## - ADDED ENTRY--PERSONAL NAME
-- 24900
Holdings
Withdrawn status Lost status Source of classification or shelving scheme Damaged status Not for loan Permanent Location Current Location Shelving location Date acquired Full call number Barcode Date last seen Price effective from Non-public note Koha item type
          NUST School of Health Sciences (NSHS) NUST School of Health Sciences (NSHS) Thesis 10/29/2019 612.015 CL-T-3873 10/29/2019 10/29/2019 Minute Sheet No. 0929/02/CL/Survey/5 dated 23rd April 2024 E-MIN ID 114741 Thesis
© 2023 Central Library, National University of Sciences and Technology. All Rights Reserved.